<?xml version="1.0" encoding="UTF-8"?><?xml-stylesheet type="text/xsl" href="static/style.xsl"?><OAI-PMH xmlns="http://www.openarchives.org/OAI/2.0/" xmlns:xsi="http://www.w3.org/2001/XMLSchema-instance" xsi:schemaLocation="http://www.openarchives.org/OAI/2.0/ http://www.openarchives.org/OAI/2.0/OAI-PMH.xsd"><responseDate>2026-04-28T21:06:18Z</responseDate><request verb="GetRecord" identifier="oai:riubu.ubu.es:10259/6288" metadataPrefix="marc">https://riubu.ubu.es/oai/request</request><GetRecord><record><header><identifier>oai:riubu.ubu.es:10259/6288</identifier><datestamp>2022-04-27T09:49:39Z</datestamp><setSpec>com_10259.4_103</setSpec><setSpec>com_10259.4_1</setSpec><setSpec>com_10259_2604</setSpec><setSpec>col_10259_6276</setSpec></header><metadata><record xmlns="http://www.loc.gov/MARC21/slim" xmlns:doc="http://www.lyncode.com/xoai" xmlns:xsi="http://www.w3.org/2001/XMLSchema-instance" xmlns:dcterms="http://purl.org/dc/terms/" xsi:schemaLocation="http://www.loc.gov/MARC21/slim http://www.loc.gov/standards/marcxml/schema/MARC21slim.xsd">
<leader>00925njm 22002777a 4500</leader>
<datafield tag="042" ind1=" " ind2=" ">
<subfield code="a">dc</subfield>
</datafield>
<datafield tag="720" ind1=" " ind2=" ">
<subfield code="a">Piedra Adarves, Alvaro</subfield>
<subfield code="e">author</subfield>
</datafield>
<datafield tag="260" ind1=" " ind2=" ">
<subfield code="c">2015</subfield>
</datafield>
<datafield tag="520" ind1=" " ind2=" ">
<subfield code="a">En las páginas siguientes se da a conocer un nuevo documento&#xd;
sobre Mateo Cerezo (1637-1666) que permite precisar algunas&#xd;
lagunas biográficas sobre el artista. Se analiza también uno de sus primeros&#xd;
cuadros: un Cristo de Burgos, además de identificarse un posible&#xd;
autorretrato suyo</subfield>
</datafield>
<datafield tag="520" ind1=" " ind2=" ">
<subfield code="a">In the following pages provides a new document on Ma -&#xd;
teo Cerezo (1637-1666) which allows to determine some biographical&#xd;
gaps on the artist. It also discusses one of his first paintings: one&#xd;
Cristo de Burgos, in addition to identifying a possible self-portrait</subfield>
</datafield>
<datafield tag="024" ind2=" " ind1="8">
<subfield code="a">0211-8998</subfield>
</datafield>
<datafield tag="024" ind2=" " ind1="8">
<subfield code="a">http://hdl.handle.net/10259/6288</subfield>
</datafield>
<datafield ind1=" " ind2=" " tag="653">
<subfield code="a">Mateo Cerezo</subfield>
</datafield>
<datafield ind1=" " ind2=" " tag="653">
<subfield code="a">Autorretrato</subfield>
</datafield>
<datafield ind1=" " ind2=" " tag="653">
<subfield code="a">Pintor</subfield>
</datafield>
<datafield ind1=" " ind2=" " tag="653">
<subfield code="a">Cristo de Burgos</subfield>
</datafield>
<datafield ind1=" " ind2=" " tag="653">
<subfield code="a">Self-portrait</subfield>
</datafield>
<datafield ind1=" " ind2=" " tag="653">
<subfield code="a">Painter</subfield>
</datafield>
<datafield ind1=" " ind2=" " tag="653">
<subfield code="a">Christ of Burgos</subfield>
</datafield>
<datafield tag="245" ind1="0" ind2="0">
<subfield code="a">Un documento inédito sobre el pintor Mateo Cerezo: precisiones artísticas</subfield>
</datafield>
</record></metadata></record></GetRecord></OAI-PMH>